000 00548nam a22002057a 4500
005 20260225160841.0
008 260203b |||||||| |||| 00| 0 eng d
020 _a9788119680740
_c995.00
040 _aMAIN
041 _aEnglish
082 _a631.58
_bBHA
100 _aBhatt, Vipul
_926175
245 _aSustainable Agriculture Systems And Technology
260 _aNew Delhi
_bAcademic
_c2024
300 _a192
650 _aEnvironment Science
_9310
700 _aRana, Mahima
_926407
700 _aSingh, Bhupinder
_926408
942 _cBK
999 _c60218
_d60218